Statistics for Cleveland Cavaliers Quiz

Click here to take the quiz!

General Stats

  • This quiz has been taken 27 times
  • The average score is 19 of 31

Answer Stats

Answer % Correct
Eastern
96%
1
96%
Puce Red
96%
Spanish Yellow
92%
Cleveland, Ohio
92%
7
88%
Black
88%
Central
88%
5
83%
11
75%
25
75%
22
71%
42
67%
Mark Price
67%
Zydrunas Ilgauskas
63%
1970
63%
34
63%
Cetacean Blue
58%
43
58%
Larry Nance
50%
Brad Daugherty
42%
Dan Gilbert
38%
Bingo Smith
33%
John Beilein
29%
Austin Carr
29%
Rocket Mortgage FieldHouse
21%
Nate Thurmond
21%
Goodyear Tire and Rubber Company
17%
Koby Altman
17%
Canton Charge
8%

Score Distribution

Percentile by Number Answered

Percent of People with Each Score

Your Score History

You have not taken this quiz